000 02481cam a2200325 4500500
005 20260329011805.0
041 _afre
042 _adc
100 1 0 _aRevet, Sandrine
_eauthor
700 1 0 _aPérier, Miriam
_eauthor
245 0 0 _aDétroit : Une ville « saturée d’histoires » ?
260 _c2026.
500 _a73
520 _aC’est une recherche de plus de douze ans qui est présentée dans l’ouvrage La ville d’après. Détroit, une enquête narrative. Une enquête narrative, par laquelle la professeure de littérature comparée Raphaëlle Guidée propose une lecture patiente, sensible et attentive aux détails de la catastrophe au long cours dont est victime la population de la ville de Détroit, pourtant effacée de la plupart des représentations imagées et discursives de la ville. Loin d’être une ville fantôme, Detroit accueille une population dont les récits sont trop majoritairement invisibilisés, car incertains, précaires, au profit d’un récit presqu’unique de l’effondrement et de la renaissance perpétuels. Une ville, qui ne cesserait de renaître des cendres du capitalisme ?
520 _a‪The book ‪‪La ville d’après. Détroit, une enquête narrative ‪‪(‪‪The City After: Detroit, a Narrative Investigation‪‪) presents the results of more than twelve years of research. In this narrative investigation, Raphaëlle Guidée, professor of comparative literature, offers a patient, sensitive, and detailed account of the long-term catastrophe suffered by the population of Detroit, a population that has been erased from most visual and discursive representations of the city. Far from being a ghost town, Detroit is home to a population whose narratives are largely invisible because they are uncertain and precarious, overshadowed by an almost singular narrative of perpetual collapse and rebirth. Is Detroit a city that will continue to rise from the ashes of capitalism?‪
690 _acapitalisme
690 _acatastrophe
690 _aDetroit
690 _aeffondrement
690 _alittérature
690 _arécits
690 _acapitalism
690 _acatastrophe
690 _acollapse
690 _aDetroit
690 _aliterature
690 _anarratives
786 0 _nCultures & Conflits | 141 | 1 | 2026-03-10 | p. 141-146 | 1777-5345
856 4 1 _uhttps://shs.cairn.info/revue-cultures-et-conflits-2026-1-page-141?lang=fr&redirect-ssocas=7080
999 _c1865001
_d1865001